Ends in 'NA' Quiz Stats

Quiz Updated Feb 16, 2012

Also try: Ends in 'ACE'
Challenge
Share
Tweet
Embed
Score 0/69 Timer 15:00
0 Plays Today
Hint Answer % Correct
Foodbanana
86.8%
Foodlasagna
86.1%
Animalsiguana
74.6%
Famous PeopleXena
73%
Randomsauna
72.9%
US StatesArizona
69.8%
US StatesNorth Carolina
67.9%
US StatesIndiana
67.2%
Randomarena
66.2%
US StatesSouth Carolina
66%
World CapitalsHavana
66%
Randommarijuana
65.3%
Human Bodyulna
64.8%
Human Bodyretina
63.2%
MusicMadonna
62.9%
MusicNirvana
61.5%
MusicRihanna
58.6%
Randomstamina
58.3%
Famous PeopleAthena
55.7%
US StatesMontana
54.6%
CountriesArgentina
54.2%
More Randomfauna
53%
Animalshyena
52%
US StatesLouisiana
51.8%
World CapitalsVienna
50.6%
Randomantenna
50.3%
MusicMacarena
47.3%
CountriesChina
43.2%
Foodtuna
41.5%
World CitiesPasadena
41.2%
More Randomballerina
39.6%
MusicCopacabana
38.5%
Human Bodyangina
37.8%
Most RandomPurina
36.2%
More RandomTsarina
35%
Hint Answer % Correct
World CitiesPamplona
33.7%
More Randomkatana
32.4%
CountriesGuyana
32.2%
CountriesGhana
31.9%
More RandomMount Etna
31.7%
More Randombandana
31.3%
Famous PeoplePrincess Fiona
29%
MusicMy Sharona
26.7%
World CitiesTijuana
25.5%
Most Randomdeus ex machina
23.8%
Most Randomphenomena
22.7%
World CitiesMedina
22.3%
Famous PeopleDiana
22%
Randomcorona
20.8%
CountriesBotswana
20.1%
World CitiesBarcelona
20%
Animalsechidna
19.4%
Famous PeopleDesdemona
19.3%
Most RandomKrishna
18.1%
World CitiesRegina
15.7%
World CapitalsTirana
15.2%
Foodsemolina
14.9%
Most RandomSt Helena
12.7%
World CapitalsAstana
12.1%
World CapitalsLjubljana
12%
Famous PeopleSanta Anna
12%
Human Bodyvagina
11.5%
CountriesBosnia and Herzegovina
11.3%
World CapitalsPristina
10.1%
Most Randomburnt sienna or raw sienna
9.9%
Famous PeopleJohan Santana
9.7%
World CapitalsN'djamena
8%
Animalsvicuna
6.6%
Musicvox humana
0.8%

You're not logged in!

Compare scores with friends on all Sporcle quizzes.
Sign Up with Email
OR
Log In

You Might Also Like...

Show Comments

Extras

Top Quizzes Today


Score Distribution

Your Account Isn't Verified!

In order to create a playlist on Sporcle, you need to verify the email address you used during registration. Go to your Sporcle Settings to finish the process.